<?xml version="1.0" encoding="UTF-8"?>
<collection xmlns="http://www.loc.gov/MARC21/slim">
 <record>
  <leader>01212nam a2200241 a 4500</leader>
  <controlfield tag="008">090517s2001    bg a     b    100 0 eng d</controlfield>
  <datafield tag="020" ind1=" " ind2=" ">
   <subfield code="a">9843115279 (pbk.)</subfield>
  </datafield>
  <datafield tag="082" ind1="0" ind2="0">
   <subfield code="a">624.5492</subfield>
   <subfield code="2">21</subfield>
  </datafield>
  <datafield tag="111" ind1="2" ind2=" ">
   <subfield code="a">The First International Conference and Annual Paper Meet on Civil Engineering.</subfield>
   <subfield code="b">IEB Chittagong Center</subfield>
   <subfield code="c"> 2-3 November 2001 </subfield>
  </datafield>
  <datafield tag="245" ind1="1" ind2="0">
   <subfield code="a">Proceedings of the International Conference and Annual Paper Meet on Civil Engineering  /</subfield>
   <subfield code="c">editors, Salek M. Seraj, Mashraf Ali, Bashir Ahmed.</subfield>
  </datafield>
  <datafield tag="260" ind1=" " ind2=" ">
   <subfield code="a">Chittagong, BAN : </subfield>
   <subfield code="b">Civil Engineering Division,Institutions of Engineers,Bangladesh</subfield>
   <subfield code="c">c2001.</subfield>
  </datafield>
  <datafield tag="300" ind1=" " ind2=" ">
   <subfield code="a">iii,416 p. : </subfield>
   <subfield code="b"> ill.; </subfield>
   <subfield code="c">24 cm.</subfield>
  </datafield>
  <datafield tag="504" ind1=" " ind2=" ">
   <subfield code="a">Includes bibliographical references.</subfield>
  </datafield>
  <datafield tag="541" ind1="1" ind2=" ">
   <subfield code="e">00011552</subfield>
  </datafield>
  <datafield tag="650" ind1=" " ind2="0">
   <subfield code="a">Civil engineering</subfield>
   <subfield code="z">Bangladesh</subfield>
  </datafield>
  <datafield tag="700" ind1="1" ind2=" ">
   <subfield code="a">Seraj, Salek M. </subfield>
  </datafield>
  <datafield tag="700" ind1="1" ind2=" ">
   <subfield code="a">Ali, Mashraf</subfield>
  </datafield>
  <datafield tag="700" ind1="1" ind2=" ">
   <subfield code="a">Ahmed, Bashir</subfield>
  </datafield>
  <datafield tag="710" ind1="2" ind2=" ">
   <subfield code="a">Institutions of Engineers, </subfield>
   <subfield code="b">Civil Engineering Division, </subfield>
   <subfield code="c">Bangladesh.</subfield>
  </datafield>
  <datafield tag="710" ind1="2" ind2=" ">
   <subfield code="a">FEISCA</subfield>
  </datafield>
  <datafield tag="852" ind1="4" ind2=" ">
   <subfield code="a">Ayesha Abed Library</subfield>
   <subfield code="j">Generalshelf </subfield>
  </datafield>
  <datafield tag="999" ind1=" " ind2=" ">
   <subfield code="c">752</subfield>
   <subfield code="d">752</subfield>
  </datafield>
  <datafield tag="952" ind1=" " ind2=" ">
   <subfield code="0">0</subfield>
   <subfield code="1">0</subfield>
   <subfield code="2">ddc</subfield>
   <subfield code="4">0</subfield>
   <subfield code="6">624_549200000000000_PRO_2001</subfield>
   <subfield code="7">0</subfield>
   <subfield code="8">NFIC</subfield>
   <subfield code="9">694</subfield>
   <subfield code="a">BRACUL</subfield>
   <subfield code="b">BRACUL</subfield>
   <subfield code="c">GEN</subfield>
   <subfield code="d">2009-05-17</subfield>
   <subfield code="g">0.00</subfield>
   <subfield code="l">0</subfield>
   <subfield code="o">624.5492 PRO</subfield>
   <subfield code="p">3010011552</subfield>
   <subfield code="r">2009-05-17</subfield>
   <subfield code="t">1</subfield>
   <subfield code="w">2009-05-17</subfield>
   <subfield code="y">BK</subfield>
   <subfield code="x">No price found in the accession register.</subfield>
  </datafield>
 </record>
</collection>
